|
|
|
|
| LEADER |
00978nam a2200265 4500 |
| 001 |
c000319888 |
| 003 |
CARM |
| 005 |
00000000000000.0 |
| 008 |
730809s1974 ilua b 00110 eng |
| 019 |
1 |
|
|a 509032
|z 27518383
|5 LACONCORD2021
|
| 020 |
|
|
|a 0398029652
|
| 035 |
|
|
|a (OCoLC)695775
|5 LACONCORD2021
|
| 050 |
0 |
0 |
|a T59.7
|b .S54
|
| 100 |
1 |
|
|a Shephard, Roy J.
|
| 245 |
1 |
0 |
|a Men at work;
|b applications of ergonomics to performance and design,
|c by Roy J. Shephard.
|
| 260 |
|
|
|a Springfield, Ill.,
|b Thomas
|c [1974]
|
| 300 |
|
|
|a ix, 396 p.
|b illus.
|c 26 cm.
|
| 504 |
|
|
|a Bibliography: p. 371-386.
|
| 650 |
|
0 |
|a Human engineering.
|
| 650 |
|
0 |
|a Work
|x Physiological aspects.
|
| 650 |
|
0 |
|a Labor
|x Physiological aspects.
|
| 852 |
8 |
|
|b CARM
|h A1:AN08F0
|i C09667
|p 0412768
|f BK
|
| 082 |
0 |
4 |
|a 612/.042
|
| 999 |
f |
f |
|i cf955b09-b091-51a4-814c-dccec6922de6
|s 962b8a31-ad68-5dc7-a2e9-601185f32a36
|
| 952 |
f |
f |
|p Can circulate
|a CAVAL
|b CAVAL
|c CAVAL
|d CARM 1 Store
|e C09667
|f A1:AN08F0
|h Other scheme
|i book
|m 0412768
|